000 00208 a2200097 4500
001 24503
100 _aFrier, W T
245 _aElementary Metallurgy
260 _a
_bMcGraw-Hill
_c1952
090 _c16556
_d16556
942 _aNUST-CAE
_cM
_c7287
999 _c259576
_d259576